Los nietos del jaguar de Pedro Geoffroy Rivas /
Shranjeno v:
| Glavni avtor: | |
|---|---|
| Format: | Neznan |
| Jezik: | Spanish |
| Teme: | |
| Oznake: |
Označite
Brez oznak, prvi označite!
|
MARC
| LEADER | 000000000a22000000004500 | ||
|---|---|---|---|
| 001 | 006299 | ||
| 041 | 0 | |a spa | |
| 100 | 1 | |a López, Matilde Elena | |
| 245 | 1 | 4 | |a Los nietos del jaguar de Pedro Geoffroy Rivas / |c Matilde Elena López. |
| 650 | 4 | |a LITERATURA SALVADOREÑA | |
| 650 | 4 | |a POESÍA HAHUATL | |
| 773 | 0 | |d El Salvador : Ministerio de Educación |t Cultura: Revista del Ministerio de Educación |g número 70 (1981), páginas 69-84 | |
| 942 | |c ARC | ||
| 999 | |c 12839 |d 12839 | ||
